[Event "VI Festival Terra del Salento A"]
[Site "Gallipoli ITA"]
[Date "2001.06.29"]
[Round "2"]
[White "Dragojlovic, Andjelko"]
[Black "Fiore, Mario"]
[Result "1-0"]
[WhiteElo "2335"]
[BlackElo "2315"]
[PlyCount "95"]
[EventDate "2001.06.29"]

1. e4 c5 2. Nf3 d6 3. c3 Nf6 4. Be2 g6 5. O-O Bg7 6. Re1 O-O 7. Bf1 Bg4 8. h3
Bxf3 9. Qxf3 Nc6 10. Qd1 d5 11. e5 Nd7 12. f4 e6 13. Na3 f6 14. d4 cxd4 15.
cxd4 fxe5 16. dxe5 Qh4 17. Nb5 Rxf4 18. Bxf4 Qxf4 19. Nc7 Bxe5 20. Rxe5 Qxe5
21. Nxa8 Qb8 22. Qg4 Nf8 23. Re1 Qxa8 24. Rxe6 Nxe6 25. Qxe6+ Kg7 26. Qd7+ Kh6
27. Qxd5 Qe8 28. Kf2 Qe7 29. Qd2+ Kg7 30. Qc3+ Ne5 31. Be2 Qd6 32. Bf3 Kf6 33.
Ke3 Qb6+ 34. Kf4 Qd6 35. Bxb7 g5+ 36. Ke4 h5 37. Bd5 Qe7 38. b4 Qh7+ 39. Ke3
Qb1 40. Ke2 g4 41. hxg4 hxg4 42. Qd2 Kf5 43. Bb7 g3 44. Bd5 Qg1 45. Qe3 Qb1 46.
Qc3 Kf4 47. Qd4+ Kf5 48. Qe3 1-0

[Event "VI Festival Terra del Salento A"]
[Site "Gallipoli ITA"]
[Date "2001.06.29"]
[Round "2"]
[White "Mukic, Josko"]
[Black "Tommaselli, Giacomo"]
[Result "1-0"]
[WhiteElo "2268"]
[BlackElo "2087"]
[PlyCount "63"]
[EventDate "2001.06.29"]

1. d4 Nf6 2. Bg5 e6 3. e4 d6 4. Bd3 Be7 5. Nd2 Nbd7 6. Qe2 O-O 7. f4 e5 8. c3
c6 9. g4 Qc7 10. h4 Re8 11. dxe5 dxe5 12. f5 Nc5 13. Bc2 a5 14. Be3 Nfd7 15. g5
f6 16. Ngf3 b6 17. Qc4+ Kh8 18. Qf7 Ba6 19. Qh5 Bf8 20. O-O-O Nd3+ 21. Bxd3
Bxd3 22. Rdg1 b5 23. g6 h6 24. Ng5 Nb8 25. Nf7+ Kg8 26. Bxh6 gxh6 27. g7 Bxg7
28. Rxg7+ Kxg7 29. Qxh6+ Kxf7 30. Qh7+ Kf8 31. Qxc7 Na6 32. Qd6+ 1-0

[Event "VI Festival Terra del Salento A"]
[Site "Gallipoli ITA"]
[Date "2001.06.29"]
[Round "2"]
[White "Naumkin, Igor"]
[Black "Messina, Enrico"]
[Result "1-0"]
[WhiteElo "2446"]
[BlackElo "2100"]
[PlyCount "155"]
[EventDate "2001.06.29"]

1. d4 Nf6 2. Nf3 c5 3. d5 b5 4. Bg5 d6 5. Bxf6 gxf6 6. e4 Qb6 7. a4 bxa4 8. Ra2
f5 9. e5 dxe5 10. Nxe5 Bg7 11. Nc4 Qf6 12. Be2 Bb7 13. O-O O-O 14. Na5 Ba6 15.
Re1 Bxe2 16. Qxe2 Na6 17. c3 Nc7 18. Qf3 Rad8 19. Nc6 Rd7 20. c4 e6 21. Nc3
exd5 22. cxd5 Nxd5 23. Nxd5 Qxc6 24. Ne7+ Rxe7 25. Rxe7 Qxf3 26. gxf3 Rb8 27.
Rxa4 Bxb2 28. Raxa7 Rf8 29. Rac7 Bd4 30. f4 Kg7 31. Red7 Kg6 32. Kg2 h6 33.
Rd6+ Kg7 34. Kf3 Rb8 35. Rdd7 Rf8 36. Rd5 Kg6 37. Rc6+ f6 38. Re6 Rb8 39. Re2
Rb3+ 40. Kg2 Rb7 41. Ra2 Re7 42. Rd8 Rb7 43. Rg8+ Rg7 44. Rc8 Rb7 45. Rg8+ Rg7
46. Rh8 Rh7 47. Rxh7 Kxh7 48. Ra7+ Kg6 49. Rc7 h5 50. Kg3 Kh6 51. Rd7 Kg6 52.
Rd5 Kf7 53. Rxf5 Ke6 54. Rxh5 c4 55. Kf3 c3 56. Ke2 c2 57. Kd2 Bxf2 58. Kxc2
Be3 59. Kd3 Bxf4 60. Ke4 Bg5 61. h4 f5+ 62. Kf3 Bc1 63. Rh8 Kf6 64. Rc8 Bd2 65.
Rc6+ Kg7 66. h5 Kf7 67. Kg3 Kg7 68. Rg6+ Kf7 69. Rd6 Bc1 70. h6 Be3 71. Kh4 Bf4
72. Ra6 Be3 73. Kh5 f4 74. Kg4 Kg8 75. Rf6 Kh7 76. Kh5 f3 77. Rf7+ Kg8 78. Rxf3
1-0

[Event "VI Festival Terra del Salento A"]
[Site "Gallipoli ITA"]
[Date "2001.06.29"]
[Round "2"]
[White "Nikolic, Stanimir"]
[Black "Ferri, Giuseppe"]
[Result "1-0"]
[WhiteElo "2366"]
[BlackElo "1732"]
[PlyCount "75"]
[EventDate "2001.06.29"]

1. d4 d5 2. c4 c6 3. e3 Nf6 4. Nc3 e6 5. Nf3 Nbd7 6. Bd3 dxc4 7. Bxc4 b5 8. Bd3
a6 9. O-O Bb7 10. Re1 c5 11. Qe2 Be7 12. b3 Rc8 13. Bb2 O-O 14. Red1 Qb6 15.
Rac1 Rfd8 16. Bb1 cxd4 17. exd4 Bb4 18. a3 Bxc3 19. Bxc3 Bd5 20. Nd2 a5 21. Bb2
a4 22. b4 Nb8 23. Bd3 Qb7 24. f3 Rxc1 25. Rxc1 Rc8 26. Rxc8+ Qxc8 27. Bxb5 Qc2
28. Nf1 Qg6 29. Bd3 Qh6 30. Qc2 g5 31. Bc1 Nbd7 32. Qd2 e5 33. dxe5 Nxe5 34.
Be2 Bc4 35. Bxc4 Nxc4 36. Qd4 Nxa3 37. Bxa3 g4 38. fxg4 1-0

[Event "VI Festival Terra del Salento A"]
[Site "Gallipoli ITA"]
[Date "2001.06.29"]
[Round "2"]
[White "Quaranta, Vitaliano"]
[Black "Rotelli, Pietro"]
[Result "1/2-1/2"]
[WhiteElo "1702"]
[BlackElo "1779"]
[PlyCount "52"]
[EventDate "2001.06.29"]

1. e4 c6 2. d4 d5 3. Nd2 dxe4 4. Nxe4 Bf5 5. Ng3 Bg6 6. Nf3 Nd7 7. Nh4 e6 8.
Nxg6 hxg6 9. Be2 Ngf6 10. c4 c5 11. dxc5 Bxc5 12. O-O Qc7 13. a3 Ne4 14. Qd3
Ndf6 15. b4 Rd8 16. Qf3 Bd4 17. Ra2 Nxg3 18. hxg3 Nh5 19. Be3 O-O 20. Bxd4 Rxd4
21. c5 Rfd8 22. Rd1 e5 23. Rxd4 Rxd4 24. Qc3 Nf6 25. Ra1 Qd7 26. Qe1 Ne4
1/2-1/2

[Event "VI Festival Terra del Salento A"]
[Site "Gallipoli ITA"]
[Date "2001.06.29"]
[Round "2"]
[White "Sansonetti, Giorgio"]
[Black "Decataldo, Alba"]
[Result "1-0"]
[WhiteElo "2140"]
[BlackElo "1755"]
[PlyCount "101"]
[EventDate "2001.06.29"]

1. e4 e5 2. Nf3 Nc6 3. c3 d6 4. d4 Bg4 5. Be3 exd4 6. cxd4 Nf6 7. Nc3 Be7 8. h3
Bh5 9. Be2 O-O 10. Nd2 Bxe2 11. Qxe2 Nd7 12. O-O Bf6 13. Nb3 Re8 14. f4 Nf8 15.
Qf3 Qd7 16. Rad1 g6 17. g4 h6 18. Nd5 Bg7 19. f5 g5 20. h4 Nh7 21. h5 f6 22.
Rfe1 Ne7 23. Nc3 b5 24. d5 Nc8 25. Nd4 Nf8 26. Nc6 Nb6 27. Nxb5 a6 28. Nbd4 Nc4
29. b3 Ne5 30. Nxe5 dxe5 31. Nc6 a5 32. Bc5 Nh7 33. Qc3 a4 34. b4 Bf8 35. Rb1
Bd6 36. Re2 Nf8 37. Reb2 Qc8 38. Bxd6 cxd6 39. b5 Qb7 40. b6 Nd7 41. Rb5 Nc5
42. Rxc5 dxc5 43. Qxc5 Kf7 44. Rb5 Ra6 45. Na5 Qd7 46. Qc6 Ke7 47. Qe6+ Kd8 48.
Qxf6+ Kc8 49. Qc6+ Kd8 50. Nb7+ Ke7 51. f6+ 1-0

[Event "VI Festival Terra del Salento A"]
[Site "Gallipoli ITA"]
[Date "2001.06.29"]
[Round "2"]
[White "Santurbano, Maria Vincenza"]
[Black "De Santis, Massimo"]
[Result "1/2-1/2"]
[WhiteElo "1771"]
[BlackElo "1693"]
[PlyCount "73"]
[EventDate "2001.06.29"]

1. d4 Nf6 2. c4 e6 3. Nf3 Bb4+ 4. Bd2 Bxd2+ 5. Nbxd2 d5 6. e3 O-O 7. cxd5 exd5
8. Qc2 c6 9. Bd3 Re8 10. Ne5 h6 11. O-O Nbd7 12. Ndf3 Nf8 13. b4 a6 14. a4 Bd7
15. b5 cxb5 16. axb5 Bxb5 17. Bxb5 axb5 18. Rxa8 Qxa8 19. Qc7 Rc8 20. Qxf7+ Kh8
21. Nh4 Qb8 22. Neg6+ Nxg6 23. Qxg6 Rc6 24. Nf5 Qf8 25. Nh4 Qc8 26. h3 Qc7 27.
Qf5 b4 28. Ng6+ Kg8 29. Nf4 Qd6 30. Ra1 Ra6 31. Rb1 Rb6 32. Nd3 Ne4 33. Qc8+
Kh7 34. Qf5+ Kg8 35. Qc8+ Kh7 36. Qf5+ Kg8 37. Qc8+ 1/2-1/2

[Event "VI Festival Terra del Salento A"]
[Site "Gallipoli ITA"]
[Date "2001.06.29"]
[Round "2"]
[White "Shytaj, Carlo"]
[Black "Palma, Antonio"]
[Result "1-0"]
[WhiteElo "1842"]
[BlackElo "1729"]
[PlyCount "73"]
[EventDate "2001.06.29"]

1. e4 e6 2. d4 d5 3. Nd2 Nf6 4. e5 Nfd7 5. Bd3 c5 6. c3 Nc6 7. Ne2 cxd4 8. cxd4
f6 9. exf6 Nxf6 10. Nf3 Bd6 11. O-O Qc7 12. Bg5 O-O 13. Rc1 Ng4 14. Ng3 g6 15.
Bb1 Qg7 16. h3 Nf6 17. Qd2 Rf7 18. a3 e5 19. dxe5 Nxe5 20. Nxe5 Bxe5 21. Rce1
Ne4 22. Qxd5 Nxg5 23. Rxe5 h6 24. h4 Nh7 25. Ba2 Nf8 26. Qxf7+ Qxf7 27. Bxf7+
Kxf7 28. Rfe1 Be6 29. Ne4 b6 30. Nd6+ Kf6 31. Nb5 Bd7 32. Nc3 Rc8 33. Nd5+ Kg7
34. Re7+ Kh8 35. Nf6 Bb5 36. Rxa7 Rc2 37. Ree7 1-0

[Event "VI Festival Terra del Salento A"]
[Site "Gallipoli ITA"]
[Date "2001.06.30"]
[Round "3"]
[White "Fiore, Mario"]
[Black "Quaranta, Vitaliano"]
[Result "1-0"]
[WhiteElo "2315"]
[BlackElo "1702"]
[PlyCount "41"]
[EventDate "2001.06.29"]

1. e4 c5 2. Nf3 d6 3. d4 cxd4 4. Nxd4 Nf6 5. Nc3 a6 6. Bc4 b5 7. Bb3 Bb7 8. O-O
Nbd7 9. Re1 Nc5 10. Bd5 e6 11. b4 exd5 12. bxc5 dxc5 13. exd5+ Kd7 14. Nf3 Bd6
15. Ne5+ Bxe5 16. Rxe5 Re8 17. Qe2 Rxe5 18. Qxe5 Bc8 19. Bf4 h6 20. Re1 Bb7 21.
Qf5# 1-0

[Event "VI Festival Terra del Salento A"]
[Site "Gallipoli ITA"]
[Date "2001.06.30"]
[Round "3"]
[White "Messina, Enrico"]
[Black "Ariete, Gerardo"]
[Result "0-1"]
[WhiteElo "2100"]
[BlackElo "2049"]
[PlyCount "125"]
[EventDate "2001.06.29"]

1. e4 e5 2. Nf3 Nc6 3. d3 d5 4. Nbd2 Nf6 5. Be2 Bc5 6. O-O O-O 7. c3 dxe4 8.
dxe4 a6 9. Qc2 Bg4 10. Nc4 Qe7 11. Ne3 Rad8 12. Nxg4 Nxg4 13. h3 Nf6 14. b4 Bb6
15. a4 a5 16. Bb5 Na7 17. bxa5 Bxa5 18. Ba3 c5 19. Rfd1 Nc8 20. Nd2 Bc7 21. Nb3
b6 22. Nd2 Nd6 23. Bf1 Ra8 24. Bb2 Ra7 25. Ra3 Rfa8 26. Rda1 Nd7 27. Nc4 Nb7
28. Ne3 Na5 29. Nd5 Qe6 30. Bb5 Nf6 31. c4 Kf8 32. Rd1 Nc6 33. Bxc6 Qxc6 34. f4
exf4 35. Bxf6 gxf6 36. e5 fxe5 37. Qxh7 Qg6 38. Qh8+ Qg8 39. Qf6 Re8 40. Nxb6
Qg7 41. Nd7+ Kg8 42. Qf5 Ra6 43. Kh1 Rc6 44. a5 Qg6 45. Qxg6+ fxg6 46. a6 Ra8
47. a7 Kf7 48. Rd5 e4 49. Rxc5 Rxc5 50. Nxc5 Bd6 51. Ra5 Bxc5 52. Rxc5 Rxa7 53.
Kg1 Kf6 54. Rb5 Ra2 55. Kf1 Rc2 56. c5 Ke5 57. c6+ Kd4 58. Rb6 Ke3 59. Rb3+ Kd2
60. Rb4 Rc1+ 61. Kf2 e3+ 62. Kf3 Rf1+ 63. Kg4 0-1

[Event "VI Festival Terra del Salento A"]
[Site "Gallipoli ITA"]
[Date "2001.06.30"]
[Round "3"]
[White "Nelli, Luca"]
[Black "Cecconi, Giovanni Alberto"]
[Result "0-1"]
[WhiteElo "2184"]
[BlackElo "2181"]
[PlyCount "52"]
[EventDate "2001.06.29"]

1. c4 f5 2. Nf3 Nf6 3. g3 g6 4. b4 Bg7 5. Bb2 O-O 6. Bg2 d6 7. O-O e5 8. d3 Qe8
9. Nc3 h6 10. Nd2 Nc6 11. b5 Ne7 12. a4 g5 13. a5 Rb8 14. Ba3 f4 15. b6 axb6
16. axb6 c5 17. Nce4 Qh5 18. Nxd6 Ng4 19. Nf3 fxg3 20. fxg3 e4 21. h3 Ne3 22.
Qd2 Nxf1 23. Rxf1 exf3 24. Nxc8 Rbxc8 25. exf3 Bd4+ 26. Kh2 Ra8 0-1

[Event "VI Festival Terra del Salento A"]
[Site "Gallipoli ITA"]
[Date "2001.06.30"]
[Round "4"]
[White "Cecconi, Giovanni Alberto"]
[Black "Mukic, Josko"]
[Result "0-1"]
[WhiteElo "2181"]
[BlackElo "2268"]
[PlyCount "64"]
[EventDate "2001.06.29"]

1. g3 Nf6 2. Bg2 g6 3. Nf3 Bg7 4. c4 O-O 5. Nc3 d6 6. d4 Nbd7 7. O-O e5 8. e4
exd4 9. Nxd4 Re8 10. h3 Nc5 11. Re1 a5 12. Bg5 h6 13. Bxf6 Bxf6 14. Qd2 c6 15.
Rad1 Qb6 16. Re2 Bg7 17. Kh2 a4 18. a3 Qa6 19. Bf1 Qa5 20. Re3 h5 21. f4 Bd7
22. Bg2 Rad8 23. Re2 Bc8 24. Rf2 Nb3 25. Nxb3 axb3 26. f5 gxf5 27. Qg5 Re5 28.
exf5 Bxf5 29. Nd5 Bg4 30. Ne7+ Kh8 31. Qf4 Bxd1 32. Qxf7 Bc2 0-1

[Event "VI Festival Terra del Salento A"]
[Site "Gallipoli ITA"]
[Date "2001.06.30"]
[Round "4"]
[White "Decataldo, Alba"]
[Black "Quaranta, Vitaliano"]
[Result "1-0"]
[WhiteElo "1755"]
[BlackElo "1702"]
[PlyCount "133"]
[EventDate "2001.06.29"]

1. e4 c5 2. c3 d6 3. d4 Nf6 4. Bd3 Qb6 5. h3 Nc6 6. Nf3 Bd7 7. d5 Nd8 8. Qc2 e6
9. c4 Be7 10. O-O O-O 11. Bg5 h6 12. Bh4 g5 13. Nxg5 hxg5 14. Bxg5 e5 15. Bh6
Re8 16. Qd2 Nh7 17. b3 Bf8 18. Bxf8 Rxf8 19. Qh6 f6 20. f4 Kh8 21. Be2 Nf7 22.
Qh4 Rg8 23. Bh5 Rg7 24. f5 Nfg5 25. Bg6 Kg8 26. Nd2 Nf8 27. Qh5 Ngh7 28. Rf3
Qd8 29. Raf1 Be8 30. Rg3 Nxg6 31. fxg6 Nf8 32. Qf5 Rxg6 33. Rff3 Kg7 34. Rxg6+
Bxg6 35. Rg3 Kf7 36. Qf2 Ke7 37. h4 Qe8 38. Qe3 Qf7 39. Rf3 Qh7 40. g3 Bh5 41.
Rf5 Bg4 42. Rf2 Nd7 43. Nf1 Rg8 44. Kh2 Rg6 45. Qd3 Rh6 46. Ne3 Qg6 47. a3 Nf8
48. b4 b6 49. bxc5 bxc5 50. Qb1 Kf7 51. Nf5 Bxf5 52. exf5 Qg7 53. Qb8 Rh7 54.
Qxd6 Kg8 55. Qxc5 Qc7 56. Qb4 Qb6 57. Qd2 Qc5 58. Qc2 Rc7 59. Rd2 Qxc4 60. Qd1
Qe4 61. d6 Rd7 62. Rf2 Qe3 63. Rf3 Qc5 64. Rd3 Qf2+ 65. Kh1 Rg7 66. Rf3 Qc5 67.
a4 1-0

[Event "VI Festival Terra del Salento A"]
[Site "Gallipoli ITA"]
[Date "2001.06.30"]
[Round "4"]
[White "Ferri, Giuseppe"]
[Black "Nelli, Luca"]
[Result "0-1"]
[WhiteElo "1732"]
[BlackElo "2184"]
[PlyCount "94"]
[EventDate "2001.06.29"]

1. c4 c5 2. Nc3 b6 3. Nf3 Bb7 4. g3 Nc6 5. Bg2 Ne5 6. b3 Nxf3+ 7. Bxf3 Bxf3 8.
exf3 Nf6 9. d4 g6 10. dxc5 bxc5 11. O-O Bg7 12. Bb2 O-O 13. Qe2 d6 14. Rad1 Qc7
15. Ne4 Nxe4 16. fxe4 Bxb2 17. Qxb2 a5 18. Rfe1 Rfd8 19. Qd2 a4 20. Qh6 axb3
21. axb3 Ra3 22. Rd3 Rb8 23. Qe3 Qb6 24. Rb1 Ra4 25. Rbd1 Ra3 26. Rb1 Qa5 27.
e5 Ra1 28. Rxa1 Qxa1+ 29. Kg2 Qxe5 30. Qxe5 dxe5 31. Rd5 f6 32. Rxc5 Rxb3 33.
h4 e4 34. h5 Kg7 35. Kf1 e3 36. Ke2 exf2 37. Kxf2 Rb2+ 38. Kf3 Rh2 39. hxg6
hxg6 40. Rd5 Rc2 41. Rd4 f5 42. Ke3 Rc3+ 43. Kf2 Kf6 44. g4 e5 45. Rd6+ Kg5 46.
gxf5 gxf5 47. Rc6 Kf4 0-1

[Event "VI Festival Terra del Salento A"]
[Site "Gallipoli ITA"]
[Date "2001.06.30"]
[Round "4"]
[White "Fiore, Mario"]
[Black "De Santis, Massimo"]
[Result "1-0"]
[WhiteElo "2315"]
[BlackElo "1693"]
[PlyCount "43"]
[EventDate "2001.06.29"]

1. e4 c6 2. d4 d5 3. e5 Bf5 4. Nc3 e6 5. g4 Bg6 6. Nge2 c5 7. h4 cxd4 8. Nxd4
h5 9. Bb5+ Nd7 10. f4 hxg4 11. f5 Rxh4 12. Rg1 Bxf5 13. Nxf5 exf5 14. Qxd5 Rh5
15. Bf4 a6 16. Ba4 g5 17. O-O-O b5 18. Bb3 Nh6 19. e6 fxe6 20. Qxe6+ Qe7 21.
Qg6+ Kd8 22. Rge1 1-0

[Event "VI Festival Terra del Salento A"]
[Site "Gallipoli ITA"]
[Date "2001.06.30"]
[Round "4"]
[White "Messina, Enrico"]
[Black "Tommaselli, Giacomo"]
[Result "1-0"]
[WhiteElo "2100"]
[BlackElo "2087"]
[PlyCount "63"]
[EventDate "2001.06.29"]

1. e4 d5 2. exd5 Qxd5 3. Nf3 Nf6 4. d4 Bg4 5. Be2 e6 6. c4 Bb4+ 7. Nc3 Qd6 8.
O-O Bxc3 9. bxc3 O-O 10. a4 Rd8 11. Bg5 Nbd7 12. Qc1 c5 13. Rd1 h6 14. Bf4 Qc6
15. h3 Bf5 16. Ne5 Nxe5 17. Bxe5 Ne4 18. Qe3 Bg6 19. Bf3 f5 20. Bxe4 fxe4 21.
Qg3 Kh7 22. h4 h5 23. Qg5 Rac8 24. g4 Rd7 25. gxh5 Bf5 26. Kh2 Rf7 27. Rg1 Qd7
28. Rg3 cxd4 29. cxd4 Rxc4 30. Rag1 Rc8 31. Bxg7 Qxa4 32. Qh6+ 1-0

[Event "VI Festival Terra del Salento A"]
[Site "Gallipoli ITA"]
[Date "2001.06.30"]
[Round "4"]
[White "Naumkin, Igor"]
[Black "Ariete, Gerardo"]
[Result "1-0"]
[WhiteElo "2446"]
[BlackElo "2049"]
[PlyCount "71"]
[EventDate "2001.06.29"]

1. d4 f5 2. g3 Nf6 3. Bg2 d5 4. c4 e6 5. Nf3 c6 6. O-O Bd6 7. b3 Qe7 8. Bb2 b6
9. Nbd2 Nbd7 10. Ne5 Bb7 11. Ndf3 O-O 12. Rc1 Rac8 13. Nd3 dxc4 14. bxc4 c5 15.
e3 Be4 16. Qb3 g6 17. Rfd1 Rfd8 18. Ba1 Rc7 19. Nf4 Kg7 20. d5 Nf8 21. Ng5 Bxf4
22. Nxe4 fxe4 23. exf4 exd5 24. cxd5 Rcd7 25. g4 Kf7 26. Re1 Rxd5 27. g5 Ne8
28. Rxe4 Ne6 29. Rce1 N8c7 30. Bf6 Qe8 31. Bxd8 Rxd8 32. Bh3 Rd6 33. f5 gxf5
34. Bxf5 b5 35. Qh3 Nxg5 36. Qh5+ 1-0

[Event "VI Festival Terra del Salento A"]
[Site "Gallipoli ITA"]
[Date "2001.06.30"]
[Round "4"]
[White "Nikolic, Stanimir"]
[Black "Shytaj, Carlo"]
[Result "1/2-1/2"]
[WhiteElo "2366"]
[BlackElo "1842"]
[PlyCount "138"]
[EventDate "2001.06.29"]

1. d4 Nf6 2. c4 e6 3. Nc3 Bb4 4. Qc2 O-O 5. a3 Bxc3+ 6. Qxc3 b6 7. f3 d5 8. Bg5
dxc4 9. Qxc4 Ba6 10. Qc3 Nbd7 11. Qc6 Qe7 12. Qa4 Nb8 13. Rc1 Rd8 14. e4 Bxf1
15. Kxf1 Qd7 16. Qxd7 Rxd7 17. Ne2 Na6 18. b4 Rc8 19. Kf2 h6 20. Be3 Kf8 21.
Rc3 Ke8 22. Rhc1 Kd8 23. g4 Ng8 24. Nf4 Ne7 25. Nd3 Ng6 26. h4 f6 27. h5 Nh8
28. Rc6 e5 29. d5 Nb8 30. R6c4 c6 31. b5 c5 32. Nb4 Nf7 33. Nc6+ Ke8 34. Ra4 a5
35. f4 Rdc7 36. fxe5 fxe5 37. Bd2 Nxc6 38. bxc6 Nd6 39. Rb1 b5 40. Rxa5 Nxe4+
41. Ke2 Nxd2 42. Kxd2 Rd8 43. Rbxb5 Rxd5+ 44. Kc3 Rxc6 45. Ra8+ Rd8 46. Ra7 g6
47. Rbb7 gxh5 48. gxh5 Kf8 49. Rf7+ Kg8 50. Rfe7 Rcd6 51. Rxe5 Rd5 52. Rae7
Rd3+ 53. Kc4 Rxa3 54. Rxc5 Rh3 55. Rb7 Rf8 56. Re5 Rh1 57. Rb6 Rc8+ 58. Kd3
Rh3+ 59. Kd2 Rh2+ 60. Ke3 Rc3+ 61. Kd4 Rch3 62. Rxh6 Kg7 63. Rg6+ Kh7 64. Rgg5
Kh6 65. Rg6+ Kh7 66. Re7+ Kh8 67. Rh6+ Kg8 68. Re5 Kg7 69. Rg6+ Kh8 1/2-1/2

[Event "VI Festival Terra del Salento A"]
[Site "Gallipoli ITA"]
[Date "2001.06.30"]
[Round "4"]
[White "Rotelli, Pietro"]
[Black "Santurbano, Maria Vincenza"]
[Result "1-0"]
[WhiteElo "1779"]
[BlackElo "1771"]
[PlyCount "93"]
[EventDate "2001.06.29"]

1. d4 Nf6 2. c4 e6 3. Nf3 d5 4. Nc3 Be7 5. e3 Nbd7 6. Bd3 dxc4 7. Bxc4 c5 8.
O-O cxd4 9. exd4 Nb6 10. Bd3 O-O 11. Ne5 h6 12. Be3 Bd7 13. Qf3 Rc8 14. Qxb7
Rc7 15. Qf3 Bc8 16. Qg3 Kh8 17. Ne4 Nxe4 18. Bxe4 Bd6 19. Bf4 Nd5 20. Ng6+ fxg6
21. Bxd6 Rc4 22. Bxf8 Qxf8 23. Qxg6 Nf6 24. Rfd1 Qb4 25. Rac1 Qd2 26. Bc2 Qf4
27. Qg3 Qxg3 28. hxg3 Bb7 29. Bb3 Rb4 30. f3 Nh5 31. Kf2 Nf6 32. Rd2 Nd5 33.
Bxd5 Bxd5 34. b3 a5 35. Rc3 a4 36. bxa4 Rxa4 37. a3 Kg8 38. Ke3 Kf7 39. Rb2 Kf6
40. Rb4 Ra7 41. a4 g5 42. Rc5 h5 43. a5 Ke7 44. Rbb5 Kf6 45. Rb6 Kf7 46. a6 Ke7
47. Rxd5 1-0

[Event "VI Festival Terra del Salento A"]
[Site "Gallipoli ITA"]
[Date "2001.06.30"]
[Round "4"]
[White "Sansonetti, Giorgio"]
[Black "Palma, Antonio"]
[Result "1/2-1/2"]
[WhiteElo "2140"]
[BlackElo "1729"]
[PlyCount "97"]
[EventDate "2001.06.29"]

1. d4 e6 2. e4 d5 3. Nc3 Bb4 4. e5 c5 5. Bd2 Ne7 6. Nb5 Bxd2+ 7. Qxd2 O-O 8. f4
b6 9. Nf3 Ba6 10. a4 Nbc6 11. Bd3 f6 12. c3 fxe5 13. dxe5 Nf5 14. O-O Na5 15.
Rae1 Bxb5 16. axb5 Nb3 17. Qd1 c4 18. Bc2 Nc5 19. Qb1 h6 20. Nd4 Nxd4 21. cxd4
Ne4 22. Bxe4 dxe4 23. Qxe4 Qd7 24. Rd1 Rad8 25. Qg6 Rde8 26. Rf3 Kh8 27. g4
Qxb5 28. g5 Qd7 29. gxh6 gxh6 30. Rh3 Qg7 31. Rxh6+ Kg8 32. Kh1 Qxg6 33. Rxg6+
Kf7 34. Rdg1 Ke7 35. Rg7+ Rf7 36. f5 exf5 37. d5 Rxg7 38. Rxg7+ Kf8 39. Rxa7
Rxe5 40. d6 Rd5 41. d7 Ke7 42. Rb7 Rd1+ 43. Kg2 Rd2+ 44. Kg3 Rxb2 45. h4 Rb3+
46. Kf4 Rh3 47. Kxf5 Rxh4 48. d8=Q+ Kxd8 49. Rxb6 1/2-1/2

[Event "VI Festival Terra del Salento A"]
[Site "Gallipoli ITA"]
[Date "2001.06.30"]
[Round "4"]
[White "Shytaj, Luca"]
[Black "Dragojlovic, Andjelko"]
[Result "0-1"]
[WhiteElo "1818"]
[BlackElo "2335"]
[PlyCount "70"]
[EventDate "2001.06.29"]

1. e4 c5 2. Nf3 g6 3. d4 cxd4 4. Nxd4 Bg7 5. Nc3 Nc6 6. Be3 Nf6 7. Be2 O-O 8.
Qd2 d5 9. exd5 Nxd5 10. Nxd5 Nxd4 11. Bxd4 Qxd5 12. Bxg7 Qxg2 13. O-O-O Kxg7
14. h4 Bf5 15. h5 Rac8 16. Bd3 Bxd3 17. Qxd3 Qg5+ 18. Kb1 Rfd8 19. Qxd8 Rxd8
20. Rxd8 gxh5 21. Rd3 Kh6 22. Rdh3 e5 23. a3 e4 24. f3 e3 25. f4 Qxf4 26. Rxh5+
Kg6 27. R5h4 Qg5 28. Rxh7 e2 29. R7h2 Qd2 30. Rg2+ Kf5 31. Rgg1 Ke4 32. Ka2 f5
33. Rh8 Qxc2 34. Re8+ Kf3 35. Rh1 f4 0-1

[Event "VI Festival Terra del Salento A"]
[Site "Gallipoli ITA"]
[Date "2001.07.01"]
[Round "5"]
[White "Ariete, Gerardo"]
[Black "Cecconi, Giovanni Alberto"]
[Result "1/2-1/2"]
[WhiteElo "2049"]
[BlackElo "2181"]
[PlyCount "58"]
[EventDate "2001.06.29"]

1. e4 g6 2. d4 Bg7 3. c4 c5 4. Nf3 d6 5. Nc3 cxd4 6. Nxd4 Nf6 7. Be2 O-O 8. Be3
Nbd7 9. Qd2 Ne5 10. f3 Bd7 11. h4 Rc8 12. b3 Qa5 13. Kf2 Rfe8 14. g3 Neg4+ 15.
Kg2 Nxe3+ 16. Qxe3 a6 17. Rhd1 h5 18. Rac1 Kh7 19. f4 Bg4 20. Nf3 Bxf3+ 21.
Bxf3 Qc5 22. Qe2 Rc7 23. Nd5 Nxd5 24. Rxd5 Qa3 25. Rcd1 b5 26. f5 e6 27. fxg6+
fxg6 28. Rxd6 bxc4 29. bxc4 Qa4 1/2-1/2

[Event "VI Festival Terra del Salento A"]
[Site "Gallipoli ITA"]
[Date "2001.07.01"]
[Round "5"]
[White "De Santis, Massimo"]
[Black "Messina, Enrico"]
[Result "0-1"]
[WhiteElo "1693"]
[BlackElo "2100"]
[PlyCount "50"]
[EventDate "2001.06.29"]

1. d4 Nf6 2. c4 c5 3. d5 b5 4. cxb5 a6 5. Nc3 axb5 6. Nxb5 d6 7. Nc3 Ba6 8. g3
g6 9. Bg2 Bg7 10. e4 Nbd7 11. Nge2 O-O 12. O-O Nb6 13. Re1 Nfd7 14. Nf4 Ne5 15.
Bf1 c4 16. Bg2 Nbd7 17. Be3 Qc7 18. h4 h5 19. Qc2 Nc5 20. Bxc5 Qxc5 21. Red1
Rfb8 22. Rab1 Bc8 23. Nce2 Rxa2 24. Nd4 Bd7 25. Bf1 Ba4 0-1

[Event "VI Festival Terra del Salento A"]
[Site "Gallipoli ITA"]
[Date "2001.07.01"]
[Round "5"]
[White "Mukic, Josko"]
[Black "Nikolic, Stanimir"]
[Result "0-1"]
[WhiteElo "2268"]
[BlackElo "2366"]
[PlyCount "56"]
[EventDate "2001.06.29"]

1. d4 d5 2. Bg5 Nd7 3. e3 c5 4. dxc5 Qa5+ 5. Nc3 e6 6. a3 Qxc5 7. Nf3 Ngf6 8.
Bxf6 Nxf6 9. Bb5+ Ke7 10. O-O a6 11. Bd3 b5 12. e4 Bb7 13. e5 Nd7 14. Re1 h6
15. a4 b4 16. Ne2 g5 17. h3 Bg7 18. Ng3 h5 19. Nxg5 Bxe5 20. Nxh5 Rag8 21. Qg4
Qd4 22. Be4 dxe4 23. Rad1 Qc5 24. h4 f5 25. Qe2 Nf6 26. Nxf6 Bxf6 27. c3 Rxh4
28. Nf3 Rhg4 0-1

[Event "VI Festival Terra del Salento A"]
[Site "Gallipoli ITA"]
[Date "2001.07.01"]
[Round "5"]
[White "Palma, Antonio"]
[Black "Ferri, Giuseppe"]
[Result "0-1"]
[WhiteElo "1729"]
[BlackElo "1732"]
[PlyCount "102"]
[EventDate "2001.06.29"]

1. d4 d5 2. c4 c6 3. Nc3 Nf6 4. e3 e6 5. Nf3 Nbd7 6. Bd3 dxc4 7. Bxc4 b5 8. Bd3
a6 9. O-O Bb7 10. e4 Be7 11. Re1 c5 12. Bc2 cxd4 13. Nxd4 Nb6 14. e5 Nfd5 15.
Qg4 g6 16. Ne4 Nb4 17. Bb3 h5 18. Qf4 Nd3 19. Qe3 Nxe1 20. Bd2 Nd5 21. Qxe1 Qb6
22. Nf3 Qd8 23. Rd1 a5 24. Nd6+ Bxd6 25. exd6 Qxd6 26. Bxa5 Qe7 27. Bd2 Rg8 28.
Ng5 Ra6 29. Qe2 Nc7 30. a3 Bd5 31. Bc2 Bc4 32. Qf3 Bd5 33. Qf4 e5 34. Qg3 Rc6
35. Bb4 Qf6 36. Ne4 Bxe4 37. Bxe4 Rc4 38. f3 Ne6 39. Bd5 Rd4 40. Bc6+ Kd8 41.
Re1 Nf4 42. Bxb5 Rxb4 43. axb4 Qb6+ 44. Qf2 Qxb5 45. Rd1+ Ke7 46. Qd2 Ne2+ 47.
Kf2 Nd4 48. Qg5+ f6 49. Qh6 Ke6 50. Rd2 Qxb4 51. Qe3 Rc8 0-1

[Event "VI Festival Terra del Salento A"]
[Site "Gallipoli ITA"]
[Date "2001.07.01"]
[Round "5"]
[White "Quaranta, Vitaliano"]
[Black "Sansonetti, Giorgio"]
[Result "1/2-1/2"]
[WhiteElo "1702"]
[BlackElo "2140"]
[PlyCount "141"]
[EventDate "2001.06.29"]

1. e4 c5 2. Nf3 d6 3. d4 cxd4 4. Nxd4 Nc6 5. Nc3 e6 6. Be2 a6 7. O-O Nge7 8.
Kh1 Nxd4 9. Qxd4 Nc6 10. Qd1 Be7 11. f4 O-O 12. Be3 b5 13. Bf3 Bb7 14. Qe1 Bh4
15. g3 Bf6 16. Rc1 Bd4 17. Bxd4 Nxd4 18. Bg2 b4 19. Ne2 Nxe2 20. Qxe2 Qa5 21.
Ra1 Rac8 22. a3 Qc5 23. Rfc1 Rfd8 24. axb4 Qxb4 25. c3 Qb6 26. h3 g6 27. Kh2 d5
28. exd5 exd5 29. Rd1 Re8 30. Qd2 Re3 31. Re1 Rce8 32. Rxe3 Rxe3 33. Rf1 Qe6
34. Rf2 Bc6 35. Bf1 Bb5 36. Bxb5 axb5 37. Qd1 Re1 38. Qf3 Qe4 39. Qg2 Kg7 40.
Rf1 Re2 41. Rf2 Re3 42. Qf1 b4 43. cxb4 Qxb4 44. Re2 Rb3 45. Qg2 d4 46. f5 Qb6
47. fxg6 hxg6 48. Rd2 Rb4 49. Qe2 Qb8 50. Qd3 Kg8 51. Qe2 Rb3 52. Qf2 d3 53.
Qd4 Qb5 54. Qd8+ Kg7 55. Qd4+ f6 56. Qa7+ Kh6 57. Qe3+ Qg5 58. Qxg5+ Kxg5 59.
Kg2 Kf5 60. Kf3 Ke5 61. Ke3 g5 62. Rxd3 Rxb2 63. Kf3 Kf5 64. g4+ Ke5 65. Re3+
Kd4 66. Re4+ Kd5 67. Re3 Rb4 68. Kg3 Kd4 69. Rf3 Rb6 70. h4 gxh4+ 71. Kxh4
1/2-1/2